000 00743nam a2200253Ia 4500
003 OSt
005 20221006153713.0
006 a|||||r|||| 00| 0
007 ta
008 221006b |||||||| |||| 00| 0 eng d
020 _a0521591295
024 _a33,089
037 _cAnnuals, Advances
040 _aEASL
_cEASL
_beng
041 _2eng
_aeng
100 _aHassall Graham Au.
_9665016
245 0 _aAsia pacific constitution systems
260 _aCambridge
_bCambridge University press
_c2002
300 _axii,314p.
_ccm.
650 _aconstitutional law pacific area
_9665017
700 _a Saunders cheryl Au.
_9665018
942 _cREF
_2CC
999 _c1101175
_d1101175